00277nam a2200109Ia 4500100003500000654001300035245002700048260005500075082001700130300000800147546001200155 aHeasrt business communication  aComputer aI C Master Vol 2 1996 bHearst Business Communications incaNew yorkc1996 a5.74074bHEA a841 aENGLISH